| 000 | 00635nam a22001937a 4500 | ||
|---|---|---|---|
| 999 |
_c6923 _d6923 |
||
| 003 | OSt | ||
| 005 | 20210510163712.0 | ||
| 008 | 210510b ||||| |||| 00| 0 eng d | ||
| 020 | _a 9781118998342 | ||
| 040 | _cDDC | ||
| 082 | _a623.828 DRI 2018 | ||
| 100 |
_aHossain, M. Enamul _914202 |
||
| 245 |
_aDrilling engineering problems and solutions : _bA Field Guide for Engineers and Students |
||
| 260 |
_aHoboken, NJ, USA : _b Wiley-Scrivener, _c2018 |
||
| 300 |
_axix,617p.: _bill; _c26cm. |
||
| 504 | _aIncludes bibliographical references and index. | ||
| 650 |
_aOil well drilling -- Handbooks, manual _914203 |
||
| 942 |
_2ddc _cBOOK |
||